Focus sur: Ulick Gamp - Harry Potter - Statistiques

Statistiques générales
  • Ce quiz a été pris 21 fois
  • Le résultat moyen est 3 sur 5
Statistiques - réponses
Informations recherchées Réponses % Correct
Profession Ministre de la Magie
89%
Première mention Harry Potter et le Prince de Sang-Mêlé
84%
Couleur des cheveux (perruque) Argenté
79%
Espèce (post-mortem) Tableau
63%
Successeur Damocles Rowle
21%
Aucun quiz correspondant
Distribution des résultats
% des personnes avec chaque résultat
Percentile par nombre de réponses
Votre historique - résultats
Vous n’avez pas pris ce quiz